000 00699nam a2200229 b 4500
001 bimo0002068055
003 CO-ViMGA
005 20230915233139.0
008 051130s2005 sp | ||| ||spa
020 _a8493453293
040 _aCO-ViMGA
_bspa
_cCO-ViMGA
041 1 _hfre
082 0 4 _a863
_bB66s
100 1 _aBonells, Jordi
_d1951-
_94271
240 1 3 _aLa deuxim̈e disparition de Majorana
_lEspañol
245 1 3 _aLa segunda desaparicion de Majorana
_h[Texto impreso]
_cJordi Bonells ; traduccion y postfacio de Lluis Agusti
260 _aMadrid :
_bFunambulista,
_c2005.
300 _a206 p. :
_c18 cm.
490 1 _aLiteradura
650 1 4 _aNovela española
_9801
942 _2ddc
_cBK
999 _c35714
_d35714